| 000 | 00687nam a2200265Ia 4500 | ||
|---|---|---|---|
| 001 | 7865 | ||
| 005 | 20240113234039.0 | ||
| 007 | ta | ||
| 008 | 050713s1985 a g b000 u eng u | ||
| 020 | _cRs. 30.00 (HB) | ||
| 040 | _aCotton College,Assam | ||
| 041 | _aeng | ||
| 082 |
_a581.1 _bV 59 T |
||
| 100 | _aVerma, V. . | ||
| 245 | 0 |
_aA Text book of Plant Physiology / _cV. Verma. _hTextual Documents |
|
| 250 | _a6th ed / | ||
| 260 |
_aDelhi : _bEmkay Publications , _c1985. |
||
| 300 |
_a612p. : _bill ; _c22cm. . |
||
| 365 | _aRs. 30.00 | ||
| 653 | _aBotany | ||
| 653 | _aPlant Physiology | ||
| 942 |
_2ddc _cBK |
||
| 999 |
_c7852 _d7852 |
||